Normal view
MARC view
- Pluralismo cultural
Entry Materia
Number of records used in: 128
001 - NÚMERO DE CONTROL DEL REGISTRO
- campo de control: 47427
003 - IDENTIFICADOR DE NUMERO DE CONTROL
- campo de control: MX-MxUPN
005 - FECHA Y HORA DE LA ÚLTIMA TRANSACCIÓN
- campo de control: 20221122153622.0
008 - DATOS DE LONGITUD FIJA
- campo de control de longitud fija: 221122|| acn||babn | a|a d
040 ## - FUENTE DE LA CATALOGACIÓN
- Centro catalogador de origen: MX-MxUPN
- Lengua de catalogación: spa
- Agencia de transcripción: MX-MxUPN
046 ## - FECHAS CON CODIFICACIÓN ESPECIAL
- Fecha final para contenidos agregados: 2022
150 ## - ENCABEZAMIENTO - TEMÁTICO
- Término de materia o nombre geográfico como elemento inicial: Pluralismo cultural
450 ## - VÉASE - MATERIA
- Encabezamiento temático: Diversidad cultural
450 ## - VÉASE - MATERIA
- Encabezamiento temático: Diversidad étnica
550 ## - VÉASE ADEMÁS - MATERIA
- Encabezamiento temático o nombre geográfico como elemento de entrada: Multiculturalismo
550 ## - VÉASE ADEMÁS - MATERIA
- Subcampo de control: g
- Encabezamiento temático o nombre geográfico como elemento de entrada: Cultura
670 ## - FUENTE EN LA QUE SE LOCALIZARON DATOS
- Cita de la fuente: DGB UNAM, 22 noviembre 2022:
- Información localizada: (Pluralismo cultural)
680 ## - NOTA GENERAL CON DESPLIEGUE PÚBLICO
- Texto explicativo: Aquí se asientan las obras sobre la condición en la cual numerosos grupos étnicos, religiosos o culturales distintos coexisten en una sociedad. Las obras sobre políticas o programas que fomentan la preservación de diferentes identidades culturales, incluyendo costumbres, lenguas y herencias dentro de una sociedad unificada como un estado o nación se asientan bajo Multiculturalismo
902 ## - CATALOGADOR
- Catalogador: Víctor Ruiz/221122
